1973 1556 1823 1938 1332 1944 1843 1891 1259 1380 1601 1741 1371 1265 1422 1993 1544 1945 1149 1436 1123 1654 1064 1888 1672 1195 1561 1582 1197 1586 1690 1014 1126 1601 1840 1758 1418 1930 1957 1806 1084 1903 1938 1579 1330 1754 1743 1254 1727 1144 1893 1531 1314 1793 1277 1900 1600 1006 1286 1672 1750 1637 1193 1360 1745 1488 1408 1949 1478 1994 1340 1115 1696 1478 1708 1598 1575 1949 1125 1689 1814 1508 1194 1944 1197 1427 1831 1478 1665 1508 1105 1830 1341 1448 1087 1337 1312 1123 1301 BCNSPRNW ULIB Ver.6.0+V

เปลี่ยนเป็นภาษาไทย

Change to English
 แสดงรายละเอียดบรรณานุกรม
  กลับหน้าหลัก

Brief Record : Get Marc (ISO 2709) : E-mail record : QR code < ปิดหน้าต่าง
LEADER : 00000nam 2200000uu 4500
001    13399120456
003     ULIB
008    120920s2550||||th 000 0 tha d
020    ^a9749453557
041 1  ^atha^heng
060 04 ^aWB100^bด897ค
100 1  ^aเคลย์ตัน, เดวิด เจ
245 10 ^aคู่มือรักษาชีวิตสำหรับผู้ที่ใช้ชีวิตแบบไม่ใส่ใจสุขภาพ =^bThe healthy guide to unhealthy living /^cDavid J. Clayton และ Laura Vandekarn เขียน ; มิเชลล์ ชีเกรฟ เดลี่ แปล
246 31 ^aHealthy guide to unhealthy living
260    ^aกรุงเทพฯ :^bตะวันส่อง,^c2550
300    ^a314 หน้า ;^c21 ซม.
650  7 ^aการดูแลสุขภาพด้วยตนเอง
650  7 ^aพฤติกรรมสุขภาพ
650  7 ^aสุขภาพ
700 1  ^aเดลี่, มิเชลล์ ซีเกรฟ,^eผู้แปล
700 12 ^aClayton, David J.^tThe healthy guide to unhealthy living
700 12 ^aVandekarn, Laura.^tThe healthy guide to unhealthy living
945    ^p0^l0^i14344
995    ^aกัณชพร
999 ^a ใช้งานได้ทุกระบบ
รายการนี้ยังไม่มีแท็ก
คุณยังไม่ได้ล็อกอิน คุณสามารถมีกิจกรรมร่วมกับเว็บไซต์ได้ แต่ต้องล็อกอินก่อน ::
  ล็อกอิน

รายการสื่อสารสนเทศ

ลำดับที่ ประเภท เลขเรียก/บาร์โค้ด สถานที่ สถานะ
1. วิทยาศาสตร์การแพทย์ และสุขภาพ
วิทยาศาสตร์การแพทย์ และสุขภาพ
WB100 ด897ค  
  Barcode: 14344
ห้องสมุดวิทยาเขตนครสวรรค์
►หนังสือทั่วไป:l:General Books
บนชั้น

รายการใกล้เคียง
    หัวเรื่อง [การดูแลสุขภาพด้วยตนเอง]
    หัวเรื่อง [พฤติกรรมสุขภาพ]
    หัวเรื่อง [สุขภาพ]

BibComment


ยังไม่เคยถูกคอมเมนท์

คอมเมนท์ทรัพยากรรายการนี้
  คอมเมนท์: คู่มือรักษาชีวิต..


 Copyright 2026. Bcnsprnw @Library